LEADER 00870nam a2200193 i 4500 001 000000180365 003 CaOOAMICUS 005 20090707000000.0 008 090707s1935 it u000 u fre u 013 $a158010 040 $aSeMil$bita 240 00$aOrigines de l'Inquisition dans le midi de la France :.$0(OLS)http://semarc/title/258974 245 10$aOrigines de l'Inquisition dans le midi de la France :$bcathares et vaudois. 300 $aXLVIII, 428 p., [11] p. di tav. 700 1 $aGuiraud, Jean.$0(OLS)http://semarc/name/9679 773 0 $aGuiraud, Jean$tHistoire de l'Inquisition au Moyen Age.$dParis : A. Picard, 1935-1938.$w()21643 850 $aSeMil 852 $aSeMil$W1$xVenegono$y1$m3C IV 96$j131114$B131114$CSeMilBibl$Z2$F143015 $81 996 $6245$aOrigines de l'Inquisition dans le midi de la France :$bcathares et vaudois$9(OLS)http://semarc/title/258975 LEADER 01215nam a2200277 i 4500 001 000000101929 003 CaOOAMICUS 005 20170704000000.0 008 170704s2000 xx u000 u ger u 013 $a74081 020 $a3766836528 040 $aSeMil$bita 245 14$aDie religiöse Entwicklung des Menschen :$bein Grundkurs /$chrsg. von Gerhard Büttner und Veit-Jakobus Dietrich. 260 $aStuttgart :$bCalwer,$cc2000. 300 $a238 p. ;$c24 cm. 650 4$aEsperienza religiosa.$0(OLS)http://semarc/subject/427 650 4$aPedagogia religiosa.$0(OLS)http://semarc/subject/2258 650 4$aPsicologia e religione.$0(OLS)http://semarc/subject/11246 700 1 $aDieterich, Veit-Jakobus,$d<1952- >.$0(OLS)http://semarc/name/92758 700 1 $aBüttner, Gerhard.$0(OLS)http://semarc/name/92757 850 $aSeMil 852 $aSeMil$W1$xVenegono$y1$m2D VI 61$j58582$B58582$CSeMilBibl$Z2$F69440 $81 961 $aOmaggio: Lorenzi don Ugo 996 $6020$a3766836528$9(OLS)http://semarc/number/272692 996 $6245$aDie religiöse Entwicklung des Menschen :$bein Grundkurs$9(OLS)http://semarc/title/406975 996 $6260$aStuttgart :$bCalwer$9(OLS)http://semarc/publisher/29973